Score 0/15 Timer 05:00
0 Plays Today
Mixed Words & Mixed Up TV Show % Correct
STEEM ROWDL YOBBoy Meets World
94.1%
LOCCK ATEB HETBeat the Clock
89.7%
BULC SUMOE HET MYKICEThe Mickey Mouse Club
81.7%
KLBAC ABA PHESE ABABaa Baa Black Sheep
79.7%
HET ANGIST ANDL FOLand of the Giants
58.8%
NO FILE KEDC HET USITEThe Suite Life on Deck
49.8%
SLOWIN WHOS HET PILFThe Flip Wilson Show
48.2%
NAD SONJE SHIMT SALIAAlias Smith and Jones
41.1%
Mixed Words & Mixed Up TV Show % Correct
SADAM HET SMITE NAD FO ZIRZYGL FILEThe Life and Times of Grizzly Adams
34.1%
WEEJLS MOSSIMN NEEG LAIFYMGene Simmons Family Jewels
30.3%
MAHREM YEE KIEM VIPERTAMike Hammer, Private Eye
29.6%
LOMLY FO SAYD ODDD HET NAD THINGSThe Days and Nights of Molly Dodd
27.3%
SONJE GYNUO HET SNICHELORC DANAINIThe Young Indiana Jones Chronicles
23.2%
IREMANAC RHOE HET ATTERGESThe Greatest American Hero
16.6%
SNEW TON HET SYNEARCIELSNot Necessarily the News
15.3%

You're not logged in!

Compare scores with friends on all Sporcle quizzes.
OR
Log In

Sporcle TV

Today on Sporcle TV


Watch our educational content, quiz creation guides, and fun videos on Sporcle TV.

Show Comments

Extras

Top Quizzes Today


Score Distribution

Your Account Isn't Verified!

In order to create a playlist on Sporcle, you need to verify the email address you used during registration. Go to your Sporcle Settings to finish the process.

Report this User

Report this user for behavior that violates our Community Guidelines.

Details: